Statistics for Regions of Chile Quiz

Click here to take the quiz!

General Stats

  • This quiz has been taken 647 times
  • The average score is 9 of 15

Answer Stats

Region Code Region % Correct
RM Santiago Metropolitan
93%
V Valparaíso
77%
XV Arica and Parinacota
73%
II Antofagasta
73%
III Atacama
67%
X Los Lagos
65%
VIII Biobío
62%
XIV Los Ríos
59%
XII Magallanes and Antártica Chilena
57%
IV Coquimbo
55%
IX Araucanía
54%
VI O'Higgins
53%
VII Maule
53%
I Tarapacá
51%
XI Aisén
37%

Score Distribution

Percentile by Number Answered

Percent of People with Each Score

Your Score History

You have not taken this quiz